Cultural adaptation of Somali refugee youth (Record no. 13349)
[ view plain ]
| 000 -LEADER | |
|---|---|
| fixed length control field | 01896nam a2200397 a 4500 |
| 082 04 - DEWEY DECIMAL CLASSIFICATION NUMBER | |
| Classification number | 305.89/354073 |
| 100 1# - MAIN ENTRY--AUTHOR NAME | |
| Personal name | Shepard, Raynel M., |
| 245 10 - TITLE STATEMENT | |
| Title | Cultural adaptation of Somali refugee youth |
| 260 ## - PUBLICATION, DISTRIBUTION, ETC. (IMPRINT) | |
| Place of publication | New York : |
| Name of publisher | LFB Scholarly Pub., |
| Year of publication | 2008. |
| 300 ## - PHYSICAL DESCRIPTION | |
| Number of Pages | xv, 262 p. |
| 490 1# - SERIES STATEMENT | |
| Series statement | The new Americans |
| 505 0# - FORMATTED CONTENTS NOTE | |
| Formatted contents note | Theoretical anchors -- Ethnographic background -- The field and field work -- Student profiles. Hassan. Ice. John. Adam. Samuel. Ahmed. Haweeya. Ubah. Awrala. Faadumo. Sufia. Aliaa -- Expressions of identity -- Responding to multiple contexts -- Conclusion. |
| 650 #0 - SUBJECT ADDED ENTRY--TOPICAL TERM | |
| Topical Term | Somali American teenagers |
| Topical Term | Refugees |
| Topical Term | Somali American teenagers |
| Topical Term | Somali American teenagers |
| Topical Term | Minorities |
| 856 40 - ELECTRONIC LOCATION AND ACCESS | |
| Uniform Resource Identifier | http://site.ebrary.com/lib/rucke/Doc?id=10256715 |
No items available.
